Public places - urban spaces: the dimensions of urban design (Record no. 101645)

MARC details
000 -LEADER
fixed length control field 01033cam a2200253 4500
008 - FIXED-LENGTH DATA ELEMENTS--GENERAL INFORMATION
fixed length control field 010921n2003 000 0 eng u
020 ## - INTERNATIONAL STANDARD BOOK NUMBER
International Standard Book Number 0750636327
035 ## - SYSTEM CONTROL NUMBER
System control number (Sirsi) u114721
041 ## - LANGUAGE CODE
Language code of text/sound track or separate title eng.
050 ## - LIBRARY OF CONGRESS CALL NUMBER
Classification number 711.52
-- 18
100 ## - MAIN ENTRY--PERSONAL NAME
Personal name Carmona, Matthew
245 ## - TITLE STATEMENT
Title Public places - urban spaces: the dimensions of urban design
260 ## - PUBLICATION, DISTRIBUTION, ETC.
Place of publication, distribution, etc. Oxford
Name of publisher, distributor, etc. Architectural Press
Date of publication, distribution, etc. 2003
300 ## - PHYSICAL DESCRIPTION
Extent vii, 312p.
Other physical details ill.
Dimensions 25cm.
350 ## - PRICE (NR) (BK AM CF MU VM SE) [OBSOLETE]
Price 24.99
520 ## - SUMMARY, ETC.
Summary, etc. Includes discussion of the ideas, theories, research and practice of urban design. Explains the catalysts of change and renewal, and explores the global and local contexts and processes within which urban design operates. Presents six key dimensions of urban design theory and practice - the social, visual, functional, temporal, morphological and perceptual.
650 ## - SUBJECT ADDED ENTRY--TOPICAL TERM
Topical term or geographic name entry element URBAN DESIGN
650 ## - SUBJECT ADDED ENTRY--TOPICAL TERM
Topical term or geographic name entry element URBAN PLANNING
690 ## - LOCAL SUBJECT ADDED ENTRY--TOPICAL TERM (OCLC, RLIN)
Topical term or geographic name as entry element BUILT ENVIRONMENT-CONSTRUCTION DESIGN
700 ## - ADDED ENTRY--PERSONAL NAME
Personal name Heath, Tim.
700 ## - ADDED ENTRY--PERSONAL NAME
Personal name Oc, Taner
700 ## - ADDED ENTRY--PERSONAL NAME
Personal name Tiesdell, Steve
942 ## - ADDED ENTRY ELEMENTS (KOHA)
Suppress in OPAC 0
Holdings
Withdrawn status Lost status Source of classification or shelving scheme Damaged status Not for loan Home library Current library Shelving location Date acquired Cost, normal purchase price Total Checkouts Full call number Barcode Date last seen Date last checked out Copy number Cost, replacement price Price effective from Koha item type
    Dewey Decimal Classification     London London Books 05/02/2003 21.24 10 711.52 CAR 30068353 06/08/2019 18/03/2008 1 21.24 06/08/2019 Book